Les 10 pays avec les meilleures forces aériennes au monde - Statistiques

Statistiques générales
  • Ce quiz a été pris 238 fois
  • Le résultat moyen est 8 sur 10
Statistiques - réponses
Place Score TvR Pays % Correct
1 242.9 Etats-unis
99%
7 56.3 France
99%
4 63.8 Chine
97%
2 114.2 Russie
97%
8 55.3 Royaume Uni
90%
5 58.1 Japon
88%
3 69.4 Inde
87%
10 51.9 Italie
70%
9 53.4 Corée du Sud
67%
6 58.0 Israel
51%
Aucun quiz correspondant
Distribution des résultats
% des personnes avec chaque résultat
Percentile par nombre de réponses
Votre historique - résultats
Vous n’avez pas pris ce quiz